बिखरे तिनके / (Record no. 114975)

MARC details
000 -LEADER
fixed length control field 00930nam a22002537a 4500
005 - DATE AND TIME OF LATEST TRANSACTION
control field 20170124103017.0
010 ## - LIBRARY OF CONGRESS CONTROL NUMBER
LC control number B-100750
020 ## - INTERNATIONAL STANDARD BOOK NUMBER
Terms of availability 00.00
035 ## - SYSTEM CONTROL NUMBER
System control number B-100750
037 ## - SOURCE OF ACQUISITION
Source of stock number/acquisition Cen Lib/Ret
040 ## - CATALOGING SOURCE
Original cataloging agency DPL
Language of cataloging HN
082 ## - DEWEY DECIMAL CLASSIFICATION NUMBER
Classification number
Item number नागर
100 ## - MAIN ENTRY--PERSONAL NAME
Personal name नागर ,अमृतलाल
9 (RLIN) 59275
245 ## - TITLE STATEMENT
Title बिखरे तिनके /
Statement of responsibility, etc अमृतलाल नागर
246 ## - VARYING FORM OF TITLE
Title proper/short title Bikhre tinke
Remainder of title by Amritlal Naagar
260 ## - PUBLICATION, DISTRIBUTION, ETC. (IMPRINT)
Place of publication, distribution, etc दिल्ली
Name of publisher, distributor, etc राजपाल एंड संस
Date of publication, distribution, etc 2005
270 ## - ADDRESS
Address कश्मीरी गेट
City दिल्ली
Postal code 110006
300 ## - PHYSICAL DESCRIPTION
Extent 104पृष्ठ.
Dimensions 20सेमी(सजिल्द)
650 ## - SUBJECT ADDED ENTRY--TOPICAL TERM
Topical term or geographic name as entry element हिंदी साहित्य
9 (RLIN) 59276
650 ## - SUBJECT ADDED ENTRY--TOPICAL TERM
Topical term or geographic name as entry element हिंदी उपन्यास
9 (RLIN) 59277
650 ## - SUBJECT ADDED ENTRY--TOPICAL TERM
Topical term or geographic name as entry element hindi literature
9 (RLIN) 59278
650 ## - SUBJECT ADDED ENTRY--TOPICAL TERM
Topical term or geographic name as entry element hindi novel
9 (RLIN) 59279
942 ## - ADDED ENTRY ELEMENTS (KOHA)
Source of classification or shelving scheme Dewey Decimal Classification
Koha item type Hindi Books
Classification part
Call number suffix नागर
Holdings
Withdrawn status Lost status Damaged status Not for loan Home library Current library Date acquired Source of acquisition Cost, normal purchase price Total Checkouts Total Renewals Full call number Barcode Date last seen Date checked out Copy number Cost, replacement price Price effective from Koha item type
        Central Library Central Library 19/08/2015 Cen Lib/Ret 0.00 1 1 उ नागर B-100750 18/10/2024 23/09/2024 1 0.00 19/08/2015 Hindi Books

© Delhi Public Library
Hit Counter
free hit counter